Rates of attrition (Record no. 84082)

MARC details
000 -LEADER
fixed length control field 01134cab a22002175a 4500
001 - CONTROL NUMBER
control field L156565
008 - FIXED-LENGTH DATA ELEMENTS--GENERAL INFORMATION
fixed length control field 120611e2012 xxk 000 0 eng d
035 ## - SYSTEM CONTROL NUMBER
System control number (Sirsi) u156565
041 0# - LANGUAGE CODE
Language code of text/sound track or separate title eng
100 1# - MAIN ENTRY--PERSONAL NAME
Personal name Hunter, Rachel
245 00 - TITLE STATEMENT
Title Rates of attrition
260 ## - PUBLICATION, DISTRIBUTION, ETC.
Date of publication, distribution, etc. 2012
490 #0 - SERIES STATEMENT
Series statement Property Week
Volume/sequential designation 78(22) 1 June 2012, 36-38(3)
520 ## - SUMMARY, ETC.
Summary, etc. Business rates - a tax on commercial property - have now overtaken rent in some locations across the UK as the biggest property cost burden on businesses. The retail sector has been particularly hard hit as it occupies some of the highest-valued commercial property in the UK. Business rates have even continued rising in areas where retail rents have fallen. There is concern that the business rates system is out of syc with wider changes in the property market. Explains how business rates are calculated and discusses recent government business rates initiatives and market proposals for change.
590 ## - LOCAL NOTE (RLIN)
Local note KA
651 #4 - SUBJECT ADDED ENTRY--GEOGRAPHIC NAME
Geographic name England and Wales
Chronological subdivision 1543-
690 ## - LOCAL SUBJECT ADDED ENTRY--TOPICAL TERM (OCLC, RLIN)
Topical term or geographic name as entry element Commercial property
9 (RLIN) 6227
690 ## - LOCAL SUBJECT ADDED ENTRY--TOPICAL TERM (OCLC, RLIN)
Topical term or geographic name as entry element Finance and taxation
700 1# - ADDED ENTRY--PERSONAL NAME
Personal name Townsend, Sarah
942 ## - ADDED ENTRY ELEMENTS (KOHA)
Suppress in OPAC 0
Holdings
Withdrawn status Lost status Source of classification or shelving scheme Damaged status Not for loan Home library Current library Shelving location Date acquired Total Checkouts Full call number Barcode Date last seen Copy number Price effective from Koha item type
    Dewey Decimal Classification     London London Journal article 11/06/2012   L156565 156565-3001 06/08/2019 1 06/08/2019 Journal article